=LDR 00000nam 2200000 4500 =001 INLIS000000000004382 =005 20130612092641 =008 ***********************************Ind** =035 ##$$0010-061300000004382 =041 ##$$a Ind =082 ##$$a F Rom K =090 ##$$a F Rom K, Ind p =100 ##$$a INDIRA, Rembulan =245 ##$$a Putri tidur, Rembulan Indera =260 ##$$a [s.a ] $b Jakarta =300 ##$$a 12 hlm., Illus., 27 cm =650 ##$$a Fiksi Kanak-kanak-Indonesia =850 ##$$a NBPNMAT